000 00715cam a2200241u 4500
001 16078
003 BD-RjUL
005 20211208235940.0
008 140211s1955 enk 001 0 eng
035 _a(BD-RjUL)16133
040 _aDLC
_cCarP
_dDLC
_dBD-RjUL
_beng
041 _aeng
082 _a201
_bPAM
100 1 _aPaton, H. J.
_q(Herbert James),
_d1887-
_949769
245 1 4 _aThe modern predicament;
_ba study in the philosophy of religion /
_cH.J. Paton
260 _aLondon ;
_bAllen & Unwin;
_aNew York :
_bMacmillan,
_c1955.
300 _a405 p. ;
_c23 cm.
504 _aIncludes index.
650 0 _aReligion
_xPhilosophy.
_94031
942 _2ddc
_cBK
999 _c16078
_d16078